|
|
|
|
| LEADER |
00000cam a22000002c 4500 |
| 001 |
1097543676 |
| 003 |
DE-627 |
| 005 |
20220514155334.0 |
| 007 |
tu |
| 008 |
920309s1979 xx ||||| 00| ||eng c |
| 035 |
|
|
|a (DE-627)1097543676
|
| 035 |
|
|
|a (DE-576)027543676
|
| 035 |
|
|
|a (DE-599)BSZ027543676
|
| 035 |
|
|
|a (OCoLC)311610090
|
| 040 |
|
|
|a DE-627
|b ger
|c DE-627
|e rakwb
|
| 041 |
|
|
|a eng
|
| 100 |
1 |
|
|a MacKay, Hugh B.
|0 (DE-627)1238784313
|0 (DE-576)168784319
|4 aut
|
| 109 |
|
|
|a MacKay, Hugh B.
|a McKay, Hugh B.
|
| 245 |
1 |
4 |
|a The effects of long-term incarceration and a proposed strategy for future research
|c H. Bryan McKay; C.H.S. Jayewardene; Penny B. Reedie
|
| 264 |
|
1 |
|a Ottawa
|b Supply and Services Canada
|c 1979
|
| 300 |
|
|
|a 125 S.
|
| 336 |
|
|
|a Text
|b txt
|2 rdacontent
|
| 337 |
|
|
|a ohne Hilfsmittel zu benutzen
|b n
|2 rdamedia
|
| 338 |
|
|
|a Band
|b nc
|2 rdacarrier
|
| 583 |
1 |
|
|a Archivierung prüfen
|c 20200919
|f DE-640
|z 2
|2 pdager
|
| 700 |
1 |
|
|a Jayewardene, Cleobis H.
|0 (DE-627)1231580089
|0 (DE-576)161580084
|4 aut
|
| 700 |
1 |
|
|a Reedie, Penny B.
|4 aut
|
| 951 |
|
|
|a BO
|
| ELC |
|
|
|b 1
|
| LOK |
|
|
|0 000 xxxxxcx a22 zn 4500
|
| LOK |
|
|
|0 001 218126550X
|
| LOK |
|
|
|0 003 DE-627
|
| LOK |
|
|
|0 004 1097543676
|
| LOK |
|
|
|0 005 20020606000000
|
| LOK |
|
|
|0 008 920309||||||||||||||||ger|||||||
|
| LOK |
|
|
|0 040
|a DE-21
|c DE-627
|d DE-21
|
| LOK |
|
|
|0 852
|a DE-21
|
| LOK |
|
|
|0 852 1
|c KB 3 E 756
|9 00
|
| LOK |
|
|
|0 935
|a krim
|
| LOK |
|
|
|0 936ln
|a k12.9
|
| LOK |
|
|
|0 939
|a 09-03-92
|b l01
|
| ORI |
|
|
|a SA-MARC-krimdoka001.raw
|
| SIG |
|
|
|a UB: KB 3 E 756
|